000 02525nam a22003737a 4500
001 104844
003 KnowledgeUnlatched
005 20210303105006.0
006 m o d
007 cr u||||||||||
008 210129p20182019xx o u00| u spa d
037 _5BiblioBoard
245 0 0 _aEdición académica y difusión
_bLibro abierto en Iberoamérica /
_cElea Giménez Toledo, Juan Felipe Córdoba Restrepo.
020 _a9789587841688
024 8 _ahttps://doi.org/10.12804/th9789587841671
029 1 _ahttps://library.biblioboard.com/ext/api/media/734e7a64-1c5c-4582-9678-1d3eb03b795a/assets/thumbnail.jpg
040 _aScCtBLL
_cScCtBLL
506 0 _aAccess copy available to the general public.
_fUnrestricted
_2star
700 1 _aToledo, Elea Giménez
_eeditor.
700 1 _aCórdoba Restrepo, Juan Felipe
_eeditor.
264 1 _bEditorial Universidad del Rosario,
300 _a1 online resource.
520 _aConocer la situación del acceso abierto del libro académico en Iberoamérica fue el objetivo de la investigación que se presenta en este libro. Entender las dinámicas propias de los libros en acceso abierto en el espacio iberoamericano en este momento particular permite trazar rutas y diseñar estrategias que favorezcan la presencia de contenidos académicos en español y en otros idiomas de la región en la red. Todo ello entendiendo el acceso abierto como una extraordinaria posibilidad de divulgación y circulación de contenidos académicos, además de verlo como un compromiso con la sociedad. La panorámica que se ofrece en este libro es resultado de un estudio en el que participaron más de ciento cuarenta editoriales universitarias latinoamericanas, por medio de un instrumento diseñado para tal fin, aportando información sobre la edición digital y la edición de publicaciones en acceso abierto en la región.
588 0 _aDescription based on print version record.
590 _aKU Open Services
650 7 _aLanguage Arts & Disciplines / Publishers & Publishing Industry
_2bisacsh
650 0 _aLanguage arts
655 0 _aElectronic books.
758 _iIs found in:
_aKnowledge Unlatched
_1https://openresearchlibrary.org/module/2774bc74-146a-484f-a7ba-ab1d6a09bbfb
856 4 0 _uhttps://openresearchlibrary.org/content/734e7a64-1c5c-4582-9678-1d3eb03b795a
_zView this content on Open Research Library.
_70
999 _c33205
_d33205